000 00913nam a2200253 i 4500
001 40967
003 ES-MaACL
005 20240510063036.0
007 t|
008 030307s1914 sp |||| | spa d
040 _cES-MaACL
100 1 _aCarpena, Fructuoso,
_dca. 1870 -1936
_eaut
_935428
245 1 4 _aUna mujer ex-condenada a muerte :
_bconferencia pronunciada en el Ateneo de Madrid el día 25 de mayo último /
_cFructuoso Carpena.
260 _aMadrid :
_bVicente Rico,
_c1914.
300 _a14 páginas ;
_c26 cm.
500 _aPrecede al tít.: Instituto Español Criminológico
610 2 4 _aAteneo de Madrid-
_vConferencias-
_y1900-1939
_91907
650 4 _aPena de muerte-
_zEspaña.
_9164552
710 2 _aInstituto Español Criminológico.
_95033
852 _aES-MaACL
_cDEPOF
_jT-1416-F-5
942 _cFOLLETOS
_n0
999 _c40967
_d40967